Andre Breton : hermétisme et poésie dans arcane 17 /
Guardado en:
| Autor principal: | |
|---|---|
| Formato: | Desconocido |
| Lenguaje: | French |
| Publicado: |
Montreal, Canada :
Université de Montréal,
1977.
|
| Colección: | (Dans la meme collection)
|
| Materias: | |
| Etiquetas: |
Agregar Etiqueta
Sin Etiquetas, Sea el primero en etiquetar este registro!
|
MARC
| LEADER | 000000000a22000000004500 | ||
|---|---|---|---|
| 001 | 007636 | ||
| 020 | |a 084050362 | ||
| 041 | 0 | |a fre | |
| 082 | 0 | 4 | |a 841.912 |b B844L |
| 100 | 1 | |a Lamy, Suzanne | |
| 245 | 1 | 0 | |a Andre Breton : |b hermétisme et poésie dans arcane 17 / |c Suzanne Lamy. |
| 260 | 1 | |a Montreal, Canada : |b Université de Montréal, |c 1977. | |
| 300 | |a 261 páginas | ||
| 490 | 1 | |a (Dans la meme collection) | |
| 500 | |a Colección George Yúdice | ||
| 650 | 4 | |a BRETON, ANDRE, 1896-1966. ARCANE 17 | |
| 999 | |c 13596 |d 13596 | ||
| 942 | |c BK |h 841.912 B844L |2 z | ||
